01646nam a2200397 a 4500001001200000003000800012006001900020007001500039008004100054010001700095015001900112016001800131020002800149020001800177020001800195020001800213040002100231035002100252043001200273050002600285082001900311100002900330245017100359260009300530300003000623504006600653533015200719600006700871600003600938650004500974650004001019655002901059710001701088856012601105999001701231ebr10320152CaPaEBRm u cr cn|||||||||050210s2005 dcuab sb 001 0deng d z 2005003765 aGBA5929422bnb7 z0133267022Uk z1593760477 (alk. paper) z9781593760472 z9781593761165 z9781582439211 aCaPaEBRcCaPaEBR a(OCoLC)647827876 ae-uk---14aD756.5.B7bF57 2005eb04a940.54/2112221 aFisher, David E.,d1932-12aA summer bright and terribleh[electronic resource] :bWinston Churchill, Lord Dowding, radar, and the impossible triumph of the Battle of Britain /cDavid E. Fisher. a[Washington, D.C.] :bShoemaker & Hoard :bDistributed by Publishers Group West,cc2005. axvi, 287 p. :bill., map. aIncludes bibliographical references (p. [277]-281) and index. aElectronic reproduction.bPalo Alto, Calif. :cebrary,d2013.nAvailable via World Wide Web.nAccess may be limited to ebrary affiliated libraries.10aDowding, Hugh Caswall Tremenheere Dowding,cBaron,d1882-1970.10aChurchill, Winston,d1874-1965. 0aBritain, Battle of, Great Britain, 1940. 0aAir warfarexHistoryy20th century. 7aElectronic books.2local2 aebrary, Inc.40uhttp://site.ebrary.com/lib/rucke/Doc?id=10320152zAn electronic book accessible through the World Wide Web; click to view c60812d60812